Finančné a komoditné deriváty na medzinárodných finančných trhoch diplomová práca

Guardado en:
Detalles Bibliográficos
Autor principal: Böhmer, Richard
Autor Corporativo: Fakulta medzinárodných vzťahov EU. Katedra medzinárodných ekonomických vzťahov a hospodárskej diplomacie
Otros Autores: Jančíková, Eva, 1960-
Formato: Libro
Lenguaje:eslovaco
Publicado: Bratislava 2015
Etiquetas: Agregar Etiqueta
Sin Etiquetas, Sea el primero en etiquetar este registro!

MARC

LEADER 00000nbm a2200000 4500
001 0201147
005 20161212095950.8
041 0 |a slo 
044 |a SK 
245 1 0 |a Finančné a komoditné deriváty na medzinárodných finančných trhoch  |b diplomová práca  |c Richard Böhmer ; školiteľ: Eva Jančíková 
264 1 |a Bratislava  |c 2015 
300 |a 69 s. 
100 1 |a Böhmer, Richard 
700 1 |a Jančíková, Eva, 1960- 
710 2 |a Fakulta medzinárodných vzťahov EU. Katedra medzinárodných ekonomických vzťahov a hospodárskej diplomacie